| Tag |
First Indicator |
Second Indicator |
Subfields |
| LEADER |
00000cam a2200000 a 4500 |
| 001 |
in00000088070 |
| 005 |
20220103114347.0 |
| 007 |
cr unu a |
| 008 |
820724s1981 xx a b 00010 eng d |
| 035 |
|
|
|9 AAK5170AM
|
| 035 |
|
|
|a (OCoLC)08630172
|
| 040 |
|
|
|a TXA
|c TXA
|d UtOrBLW
|
| 049 |
|
|
|a TXAZ [Also in] [Archives]
|c 1 [1803788], 2 [1803789]
|
| 099 |
|
|
|a 1981
|a Thesis
|a W948
|
| 100 |
1 |
|
|a Wright, Douglas Charles,
|d 1955-
|
| 245 |
1 |
0 |
|a Using a hand-held, two-channel radiometer to monitor trends in bunchgrass vegetation conditions /
|c by Douglas Charles Wright.
|
| 264 |
|
1 |
|a [Place of publication not identified] :
|b [publisher not identified] ;
|c 1981.
|
| 300 |
|
|
|a x, 94 leaves :
|b illustrations ;
|c 29 cm.
|
| 336 |
|
|
|a text
|b txt
|2 rdacontent
|
| 337 |
|
|
|a computer
|b c
|2 rdamedia
|
| 338 |
|
|
|a online resource
|b cr
|2 rdacarrier
|
| 500 |
|
|
|a "Major subject: Range Science."
|
| 500 |
|
|
|a Typescript (photocopy).
|
| 500 |
|
|
|a Vita.
|
| 502 |
|
|
|b M.S.
|c Texas A&M University
|d 1981.
|
| 504 |
|
|
|a Bibliography: leaves 68-70.
|
| 530 |
|
|
|a Also available online.
|
| 650 |
|
0 |
|a Grasses
|x Measurement
|x Remote sensing.
|
| 650 |
|
0 |
|a Grazing.
|
| 650 |
|
0 |
|a Radiometers.
|
| 650 |
|
0 |
|a Range plants
|x Measurement
|x Remote sensing.
|
| 650 |
|
0 |
|a Rangelands.
|
| 650 |
|
0 |
|a Remote sensing.
|
| 650 |
|
4 |
|a Major range science.
|
| 856 |
4 |
1 |
|u https://hdl.handle.net/1969.1/ETD-TAMU-1981-THESIS-W948
|z Link to OAKTrust copy
|t 0
|
| 999 |
|
|
|a MARS
|
| 999 |
f |
f |
|s bdd789b9-84ec-3119-b637-01e0a74a1ed5
|i 4556e892-63ca-34b8-bb64-f90f6165013b
|t 0
|
| 952 |
f |
f |
|p noncirc
|a Texas A&M University
|b J.J. Pickle Campus
|c High Density Repository
|s HDR
|d Remote Storage
|t 0
|e 1981 Thesis W948
|h Other scheme
|i computer -- online resource
|m A14841003501
|
| 952 |
f |
f |
|a Texas A&M University
|b College Station
|c Electronic Resources
|s www_evans
|d Available Online
|t 0
|e 1981 Thesis W948
|h Other scheme
|
| 998 |
f |
f |
|a 1981 Thesis W948
|t 0
|l Available Online
|
| 998 |
f |
f |
|a 1981 Thesis W948
|t 0
|l Remote Storage
|